Súťažná politika v Slovenskej republike a jej základné princípy

Súťažná politika ako integrálna súčasť hospodárskej politiky štátu. Ciele súťažnej politiky. Podpora trhových princípov uvoľňujúcich bariéry vstupu a výstupu na trh a garancia rovnakých podmienok pre účastníkov trhu. Nástroj na riešenie trhových zlyhaní z nedostatku konkurencie. Princípy hospodársk...

Full description

Saved in:
Bibliographic Details
Main Author: Tokárová, Mária
Format: Book Chapter
Language:Slovak
Subjects:
Tags: Add Tag
No Tags, Be the first to tag this record!

MARC

LEADER 00000nla$a2200000$$$4500
001 0058407
005 20240502071644.3
041 0 |a slo 
044 |a SK 
245 1 0 |a Súťažná politika v Slovenskej republike a jej základné princípy  |c Mária Tokárová 
520 |a Súťažná politika ako integrálna súčasť hospodárskej politiky štátu. Ciele súťažnej politiky. Podpora trhových princípov uvoľňujúcich bariéry vstupu a výstupu na trh a garancia rovnakých podmienok pre účastníkov trhu. Nástroj na riešenie trhových zlyhaní z nedostatku konkurencie. Princípy hospodárskej súťaže. 
610 2 0 |a politika hospodárska 
610 2 0 |a rast hospodársky 
610 2 0 |a trh 
610 2 0 |a konkurencieschopnosť 
610 2 0 |a súťaž hospodárska 
610 2 0 |a koncentrácia 
610 2 0 |a kontrola 
610 2 0 |a liberalizácia 
610 2 0 |a dohody 
100 1 |a Tokárová, Mária